Statistics for Category Elimination - Doctor Who Stories #3

Click here to take the quiz!

General Stats

  • This quiz has been taken 10 times
  • The average score is 14 of 20

Answer Stats

HintAnswer% Correct
Blue Categories131One-episode stories
100%
Blue Categories104…not specials
100%
Brown Categories69…as the last word(s)
88%
Purple Categories96Stories set entirely within England
88%
Brown Categories51…not Daleks
88%
Cream Categories491960s stories
88%
Brown Categories84Stories with the enemy in the name
88%
Blue Categories88…with more than one word in the title
88%
Blue Categories6…with Daleks
75%
Cream Categories28…not fully available on BBC iPlayer in their broadcast forms
75%
Cream Categories12…that have been animated
75%
Cream Categories6…in full
75%
Purple Categories49…but not London
75%
Brown Categories17…broadcast in the 1970s
63%
Purple Categories35…nor any city
63%
Brown Categories1…with CybermenRevenge of the Cybermen
50%
Purple Categories4…featuring the Eleventh Doctor and Clara
38%
Cream Categories1…but not by BBC AmericaThe Underwater Menace
38%
Blue Categories1…not broadcast in the 2010sMission to the Unknown
25%
Purple Categories1…plus the Paternoster GangThe Crimson Horror
25%

Score Distribution

Percentile by Number Answered

Percent of People with Each Score

Your Score History

You have not taken this quiz